| 000 | 00863cam a2200181 4500 | ||
|---|---|---|---|
| 001 | WB3921-15 | ||
| 008 | 030603n2003 000 0 eng u | ||
| 035 | _a(Sirsi) u122502 | ||
| 245 | _aLottery investment in parks may be wasted | ||
| 260 | _c2003 | ||
| 490 |
_aHeritage Lottery Fund News Release _v22 May 2003 (3) |
||
| 520 | _aA Heritage Lottery Fund report has warned that investment in public parks may be wasted if restored parks are not properly maintained and managed. It requires significant funds to be allocated by councils, with support from central government, to ensure parks are adequately looked after. Copies of "Park life" are available from t +44 (0)20 7591 6032. http://www.hlf.org.uk/cgi-bin/hlfframemast.pl?K=55887. | ||
| 590 | _aWB | ||
| 650 | _aPARKS | ||
| 650 | _aLOTTERY FUNDING | ||
| 690 | _aLEISURE AND RECREATION | ||
| 942 | _n0 | ||
| 999 |
_c72805 _d72805 |
||